J2EE design patterns applied : Real World Development with pattern Frameworks

Guardado en:
Detalles Bibliográficos
Formato: Libro
Lenguaje:Undetermined
Publicado: Birmingham Wrox Press 2002
Materias:
Etiquetas: Agregar Etiqueta
Sin Etiquetas, Sea el primero en etiquetar este registro!
Thư viện lưu trữ: Trung tâm Học liệu Trường Đại học Cần Thơ
LEADER 00549nam a2200193Ia 4500
001 CTU_62947
008 210402s9999 xx 000 0 und d
082 |a 006.68 
082 |b D457 
245 0 |a J2EE design patterns applied : 
245 0 |b Real World Development with pattern Frameworks 
245 0 |c Craig A. Berry,...[et al.] 
260 |a Birmingham 
260 |b Wrox Press 
260 |c 2002 
650 |a Computer graphics 
904 |a TUYẾN 
904 |i Nguyên sửa 
980 |a Trung tâm Học liệu Trường Đại học Cần Thơ